000 00665nam a2200205 a 4500
001 000022831
005 20200930021826.0
008 101119s1978 ve r 000 | spa d
040 _aDO-SdBNP
_bspa
_cBNPHU
082 _aV862.44
_bS232p
100 1 _aSantana, Rodolfo
_946918
245 1 0 _aPiezas perversas :
_bla horda. la empresa perdona un ii momento de locura. el animador /
_cRodolfo Santana.
260 _aCaracas :
_bFundarte,
_c1978.
300 _a165 p. ;
_c21 cm.
490 1 _aCuardeno de Difusión;
_v25
650 4 _aPoesía venezolana
_94230
650 4 _aLiteratura venezolana
_93816
830 0 _aCuardeno de Difusión;
_v25
_946919
049 _aBNGR
999 _c22328
_d22328